| 000 | 00684nam a22002057a 4500 | ||
|---|---|---|---|
| 003 | 0 | ||
| 005 | 20250917114750.0 | ||
| 008 | 250917b xxu||||| |||| 00| 0 eng d | ||
| 020 | _a978-1-83683-104-4 | ||
| 050 |
_aQA 76.585 _b.A33 2025 |
||
| 100 |
_aAdams, Beatrice, _eauthor. |
||
| 245 |
_aCloud computing : _bconcepts, technology & architecture / _cBeatrice Adams. |
||
| 260 |
_aLondon : _bVintage Press Ltd, _c2025. |
||
| 300 |
_aix, 284 pages : _bcolored illustrations ; _c24 cm. |
||
| 504 | _aIncludes bibliographical references and index. | ||
| 650 | _aCloud computing. | ||
| 650 | _aComputer architecture. | ||
| 650 |
_aInformation technology _xManagement. |
||
| 942 |
_2lcc _cBK |
||
| 999 |
_c368007 _d368007 |
||